Hỏi-đáp thuế giá trị gia tăng và thuế thu nhập doanh nghiệp Áp dụng từ 01-01-1999

Sách cung cấp các kiến thức căn bản về luật thuế giá trị gia tăng và luật thuế thu nhập doanh nghiệp. Nội dung sách chia làm ba phần. Phần 1 gồm các câu hỏi - đáp về thuế giá trị gia tăng, thuế thu nhập doanh nghiệp, chế độ quản lí, sử d...

Celý popis

Uloženo v:
Podrobná bibliografie
Hlavní autor: Hoàng, Trung Tiếu
Médium: Kniha
Jazyk:Undetermined
Vydáno: Hà Nội Thống Kê 1999
Témata:
Tagy: Přidat tag
Žádné tagy, Buďte první, kdo otaguje tento záznam!
Thư viện lưu trữ: Trung tâm Học liệu Trường Đại học Cần Thơ
LEADER 01478nam a2200229Ia 4500
001 CTU_45722
008 210402s9999 xx 000 0 und d
020 |c 45000 
082 |a 343.59704 
082 |b T309 
100 |a Hoàng, Trung Tiếu 
245 0 |a Hỏi-đáp thuế giá trị gia tăng và thuế thu nhập doanh nghiệp 
245 0 |b Áp dụng từ 01-01-1999 
245 0 |c Hoàng Trung Tiếu, Hoàng Hoa 
260 |a Hà Nội 
260 |b Thống Kê 
260 |c 1999 
520 |a Sách cung cấp các kiến thức căn bản về luật thuế giá trị gia tăng và luật thuế thu nhập doanh nghiệp. Nội dung sách chia làm ba phần. Phần 1 gồm các câu hỏi - đáp về thuế giá trị gia tăng, thuế thu nhập doanh nghiệp, chế độ quản lí, sử dụng hoá đơn bán hàng. Phần 2 giới thiệu luật thuế và các hướng dẫn thi hành mới nhất. Phần 3 nêu các biện pháp xử lý vi phạm về thuế 
650 |a Value-added tax,Corporations,Thuế giá trị gia tăng,Doanh nghiệp 
650 |x Law and legislation,Taxation,Law and legislation,Luật và văn bản quy phạm pháp luật,Thuế,Luật và văn bản quy phạm pháp luật 
904 |i Huỳnh Mai 
980 |a Trung tâm Học liệu Trường Đại học Cần Thơ